000 01184nam0a22002651 4500
001 rc\4266769
005 20250612033530.0
021 _aRU
_b[67-23692]
035 _a(NLR Aleph) 008485965
090 _a8019830
_c8019830
100 _a20130416d1967 |||y0rusy50 ca
101 0 _arus
102 _aRU
105 _aa z |||||
200 1 _aМетодика определения расчета усилий в элементах оснастки при монтаже крупногабаритных конструкций и аппаратов выжиманием подпорками
_fНауч.-исслед. и конструкторский ин-т монтажной технологии
210 _a[Москва]
_cБ. и.
_d1967
215 _a59 с.
_cчерт.
_d21
300 _aПеред загл. авт.: инж. В.К. Бодик
606 _aПромышленное оборудование, вертикальное
_xМонтаж методом выжимания подпорками
_xРасчет
_2psbo
700 1 _aБодик
_bВ.К.
801 0 _aRU
_bNLR
_gpsbo
801 1 _aRU
_bELAR
_2rusmarc
852 _aNLR
_j67-4/8109
942 _cBOOK
980 _aNB